Polygons up to twenty sides - Statistics

General Stats
  • This quiz has been taken 19 times
  • The average score is 12 of 20
Answer Stats
Hint Answer % Correct
6 hexagon
92%
8 octagon
92%
5 pentagon
92%
3 triangle
92%
10 decagon
83%
7 heptagon
83%
9 nonagon
83%
4 square
75%
18 octadecagon
58%
12 dodecagon
50%
17 heptadecagon
50%
16 hexadecagon
50%
15 pentadecagon
50%
13 tridecagon
50%
2 bigon
42%
11 hendecagon
42%
1 monogon
42%
14 tetradecagon
42%
20 icosagon
33%
19 enneadecagon
25%
No matching quizzes found
Score Distribution
Percent of People with Each Score
Percentile by Number Answered
Your Score History
You have not taken this quiz